Изготовление пластикового коллиматора с помощью аддитивных технологий; Физико-технические проблемы в науке, промышленности и медицине (ФТПНПМ-2019)

Detalles Bibliográficos
Parent link:Физико-технические проблемы в науке, промышленности и медицине (ФТПНПМ-2019).— 2019.— [С. 172]
Autor Principal: Григорьева А. А.
Autor Corporativo: Национальный исследовательский Томский политехнический университет Исследовательская школа физики высокоэнергетических процессов
Outros autores: Мельченко С. В., Булавская А. А. Ангелина Александровна
Summary:Заглавие с экрана
Idioma:ruso
Publicado: 2019
Series:Радиационные и пучково-плазменные технологии в науке, технике и медицине
Subjects:
Acceso en liña:http://earchive.tpu.ru/handle/11683/56814
Formato: Electrónico Capítulo de libro
KOHA link:https://koha.lib.tpu.ru/cgi-bin/koha/opac-detail.pl?biblionumber=630392

MARC

LEADER 00000naa2a2200000 4500
001 630392
005 20250512110047.0
035 |a (RuTPU)RU\TPU\conf\31387 
035 |a RU\TPU\conf\31385 
090 |a 630392 
100 |a 20191030d2019 k y0rusy50 ca 
101 0 |a rus 
102 |a RU 
105 |a y z 101zy 
135 |a drgn ---uucaa 
181 0 |a i  
182 0 |a b 
200 1 |a Изготовление пластикового коллиматора с помощью аддитивных технологий  |f А. А. Григорьева, С. В. Мельченко, А. А. Булавская 
203 |a Текст  |c электронный 
225 1 |a Радиационные и пучково-плазменные технологии в науке, технике и медицине 
300 |a Заглавие с экрана 
320 |a [Библиогр.: с. 172 (3 назв.)] 
463 0 |0 (RuTPU)RU\TPU\conf\30850  |t Физико-технические проблемы в науке, промышленности и медицине (ФТПНПМ-2019)  |o сборник научных трудов Международной научно-практической конференции студентов, аспирантов и молодых ученых, г. Томск, 30 сентября - 04 октября 2019 г.  |f Национальный исследовательский Томский политехнический университет (ТПУ) ; под ред. А. Г. Горюнова [и др.]  |v [С. 172]  |d 2019 
610 1 |a труды учёных ТПУ 
610 1 |a электронный ресурс 
610 1 |a коллиматоры 
610 1 |a аддитивные технологии 
610 1 |a лучевая терапия 
610 1 |a поглощенные дозы 
610 1 |a электронные пучки 
700 1 |a Григорьева  |b А. А. 
701 1 |a Мельченко  |b С. В. 
701 1 |a Булавская  |b А. А.  |c специалист в области ядерных технологий  |c старший преподаватель Томского политехнического университета, кандидат физико-математических наук  |f 1993-  |g Ангелина Александровна  |3 (RuTPU)RU\TPU\pers\44939  |9 21864 
712 0 2 |a Национальный исследовательский Томский политехнический университет  |b Исследовательская школа физики высокоэнергетических процессов  |c (2017- )  |3 (RuTPU)RU\TPU\col\23551 
801 2 |a RU  |b 63413507  |c 20191112  |g RCR 
850 |a 63413507 
856 4 |u http://earchive.tpu.ru/handle/11683/56814 
942 |c BK